LEADER 02725nam a2200445 a 4500
001 27805
003 BD-DhAAL
005 20251102105314.0
008 131226s2013 mauab b 001 0deng d
010 |a  2012022231 
020 |a 9780674066663 
020 |a 0674066669 
020 |a 9780674067578 (ebook) 
020 |a 0674067576 (ebook) 
020 |a 9780674503854 (paperback) 
040 |a DLC  |c DLC  |d DLC  |d BD-DhAAL 
050 0 0 |a E184.S69  |b B35 2013 
082 0 0 |a 305.8914073  |2 23 
100 1 |a Bald, Vivek,  |e author.  |9 3599 
245 1 0 |a Bengali Harlem and the lost histories of South Asian America /  |c Vivek Bald. 
260 |a Cambridge, Mass. :  |b Harvard University Press,  |c c2013, 2015. 
300 |a x, 294 pages :  |b illustrations, maps ;  |c 25 cm 
504 |a Includes bibliographical references (pages 233-275) and index. 
505 0 |a Introduction : lost in migration -- Out of the East and into the South -- Between "Hindoo" and "Negro" -- From ships' holds to factory floors -- The travels and transformations of Amir Haider Khan -- Bengali Harlem -- The life and times of a multiracial community -- Conclusion : lost futures. 
526 |a ENH  |x Gazi Md. Mizanur Rahman Assistant Professor, Department of English and Humanities BRAC University Course name: Global Migration & Transnational Community (HST 408) 
541 |a Book Finder International  |e 27805, 44995 
600 1 0 |a Haidar, Dada Amir.  |9 3600 
650 0 |a South Asian Americans  |x History  |y 20th century.  |9 3601 
650 0 |a South Asian Americans  |x Cultural assimilation.  |9 3602 
650 0 |a Muslims  |z United States  |x History  |y 20th century.  |9 3603 
650 0 |a Working class  |z United States  |x History  |y 20th century.  |9 3604 
651 0 |a United States  |x Race relations  |x History  |y 20th century.  |9 3605 
651 0 |a Harlem (New York, N.Y.)  |x Race relations  |x History  |y 20th century.  |9 3606 
651 0 |a United States  |x Emigration and immigration  |x History  |y 20th century.  |9 3607 
651 0 |a South Asia  |x Emigration and immigration  |x History  |y 20th century.  |9 3608 
852 |a Ayesha Abed Library  |c General Stacks 
942 |2 ddc  |c BK 
999 |c 14112  |d 14112 
952 |0 0  |1 0  |2 ddc  |4 0  |6 305_891407300000000_BAL  |7 0  |9 23757  |a BRACUL  |b BRACUL  |c GEN  |d 2013-12-26  |e Karim International  |g 2800.00  |l 1  |m 3  |o 305.8914073 BAL  |p 3010027805  |r 2016-11-15  |s 2014-10-22  |t 1  |w 2013-12-26  |y BK 
952 |0 0  |1 0  |2 ddc  |4 0  |6 305_891407300000000_BAL  |7 0  |9 78415  |a BRACUL  |b BRACUL  |c NEW  |d 2025-10-27  |e Book Finder International  |g 3385.00  |l 0  |o 305.8914073 BAL  |p 3010044995  |r 2025-10-27  |t 1  |v 6770.00  |w 2025-10-27  |y BK  |x Requisitioned by Gazi Md. Mizanur Rahman (Assistant Professor, Department of English and Humanities, BRAC University) for the course named- 'Global Migration & Transnational Community (HST 408)'